000 00756nam a2200277Ia 4500
001 1885
005 20240113233519.0
007 ta
008 050217s1911 a g b000 u eng u
020 _cHB
040 _aCotton College,Assam
041 _aeng
082 _a440
_bD 561 Di
100 _aBellows, John .
245 0 _aDictionary of French-English /
_cJohn Bellows.
_hTextual Documents
250 _a1st ed. /
260 _aNew York :
_bLongmans, green, and co. ,
_c1911.
300 _a689p. :
_bill ;
_c18cm. .
500 _a165/Dic
653 _aDictionaries-French-English
653 _aEnglish language-Dictionaries-French
653 _aReference-Dictionaries
942 _2ddc
_cBK
999 _c1880
_d1880